000 00420cam a22001217a 4500
008 180718b1979 xxu||||| |||| 00| 0 eng d
082 _aB6x5431 K151/1975-79
245 _aJammu and Kashmir, 1975-79
_cedited by K.K. Kilam
260 _aSrinagar
_bDirectorate of Information (Publication Wing)
_c1979
300 _a138p.
700 _aJammu and Kashmir. Directorate of Information (Publication Wing)
700 _aKilam, K.K.
999 _c488461
_d488461